000 01251cam a2200373 a 4500
001 777164
003 ARRUPE
005 20140204163958.0
008 890830s1989 ilu b s001 0 eng
010 _a 88034851
020 _a0252015851 (alk. paper)
035 _a(OCoLC)18948978
035 _a(OCoLC)ocm18948978
035 _a(CStRLIN)NYCG89-B63333
035 _a(NNC)777164
040 _dPU
_dRPB
_cug
043 _an-us-ma
_an-us-ca
050 0 _aBX4210
_b.C87 1989
082 0 _a255/.97204
_219
090 _aBX4210
_b.C87 1989
100 1 _aCurran, Patricia,
_d1940-
_97865
245 1 0 _aGrace before meals :
_bfood ritual and body discipline in convent culture /
_cPatricia Curran.
260 _aUrbana :
_bUniversity of Illinois,
_cc1989.
300 _axiv, 174 p. ;
_c24 cm.
500 _aIncludes index.
504 _aBibliography: p. 165-172.
610 2 0 _aSisters of Notre Dame de Namur
_zMassachusetts
_xCustoms and practices.
_97866
610 2 0 _aDominican Sisters of Mission San Jose
_xCustoms and practices.
_97867
650 0 _aMonastic and religious life of women.
_97868
650 0 _aFood habits
_zMassachusetts.
_97869
650 0 _aFood habits
_zCalifornia.
_97870
942 _2lcc
_cMONOGRAPH
999 _c119919
_d119919